Separát štatistickej ročenky školstva SR 2023 gymnáziá

Salvato in:
Dettagli Bibliografici
Natura: Libro
Lingua:slovacco
Pubblicazione: Bratislava Centrum vedecko-technických informácií SR 2023
Soggetti:
Tags: Aggiungi Tag
Nessun Tag, puoi essere il primo ad aggiungerne!!

MARC

LEADER 00000nam a2200000 4500
001 0300112
005 20251218085938.5
041 0 |a slo 
044 |a SK 
245 1 0 |a Separát štatistickej ročenky školstva SR 2023  |b gymnáziá 
264 1 |a Bratislava  |b Centrum vedecko-technických informácií SR  |c 2023 
300 |a 56 s. 
610 2 0 |a Slovensko 
610 2 0 |a školstvo 
610 2 0 |a školy stredné 
610 2 0 |a gymnáziá